| 000 | 01001cam a22002054a 4500 | ||
|---|---|---|---|
| 005 | 20250605164120.0 | ||
| 008 | 250528s ||||||||||||||||||||||||d | ||
| 035 | _a18243 | ||
| 020 | _a201824582 | ||
| 040 |
_aGR-AtMCL _bgre _dGR-AtMCL _eAACR2 |
||
| 245 | 1 | _aAn Introduction to Database Systems / Sixth Edition | |
| 250 | _a6th | ||
| 260 |
_bAddison-Wesley Publishing Company, _c1995 |
||
| 300 | _a840 | ||
| 520 | _aThe most comprehensive and up-to-date treatment of database technology currently available. Basic Concepts, An Introduction to Relational Database, The Relational Model, Relational Data Objects: Domains and Relations, The SQL Language, Database Design, Functional Dependencies, The Entity/ Relationship Model, Data Protection, Recovery, Concurrency, Security, Integrity, Further Topics, Views, Optimization, Missing Information, Object-Oriented Systems, Basic OO Concepts, Appendixes, Index. | ||
| 700 | 1 |
_aDate C.J _91848 |
|
| 942 | _cBK | ||
| 999 |
_c3616 _d3616 |
||